Statistics for Movie Chain Quiz

Click here to take the quiz!

General Stats

  • This quiz has been taken 310 times
  • The average score is 10 of 20

Answer Stats

HintAnswer% Correct
2003Uma Thurman goes renigade in this Tarantino gore festKill Bill
85%
1984Arnold Schwarzenegger will be backThe Terminator
83%
1972Don Corleone doesn't like being asked about his businessThe Godfather
80%
1999Bruce Willis helps an anxious mediumThe Sixth Sense
73%
2012Sobbing teenage castaway pisses on a tigerLife of Pi
71%
2003One of Santa's helpers is actually adoptedElf
69%
2011Asgardian recovers MjolnirThor
67%
2008"Why so serious?"The Dark Knight
64%
1981"Snakes. Why did it have to be snakes?"Indiana Jones: Raiders of The Lost Ark
60%
2010Leonardo di Caprio is actually a mental patientShutter Island
58%
2001"You shall not pass!"Lord of the Rings: Fellowship of The Ring
52%
2006Past-his-prime fighter comes back out of retirement for one last rumbleRocky Balboa
42%
1997Italian man convinces his son that the Holocaust is a gameLife is Beautiful
37%
2010Will Ferell and Mark Walhberg in a buddy-cop duoThe Other Guys
37%
1959Spy film with crop dusters and Mount RushmoreNorth by Northwest
33%
1994Prison escape to MexicoThe Shawshank Redemption
32%
2000Yuppie business man can't get a reservation at DorsiaAmerican Psycho
24%
2007Viggo Mortensen is a Russian mafia bossEastern Promises
21%
1967Fifth installment of the Bond franchiseYou Only Live Twice
16%
2003Divorce lawyer specializes in saving cheating husbandsIntolerable Cruelty
9%

Score Distribution

Percentile by Number Answered

Percent of People with Each Score

Your Score History

You have not taken this quiz